Statistics for Every Premier League Goalscorer (2008/09)

Click here to take the quiz!

General Stats

  • This quiz has been taken 38 times
  • The average score is 74 of 266

Answer Stats

PlayerClubGoals% Correct
Steven GerrardLiverpool16
89%
Ashley ColeChelsea1
86%
Carlton ColeWest Ham United10
86%
Didier DrogbaChelsea5
86%
Joe ColeChelsea2
86%
Nicolas AnelkaChelsea19
86%
Robin van PersieArsenal11
86%
Fernando TorresLiverpool14
82%
Frank LampardChelsea12
82%
Wayne RooneyManchester United12
82%
Everton5
79%
Manchester City1
79%
Nemanja Vidić‎Manchester United4
79%
Cristiano RonaldoManchester United18
75%
Peter CrouchPortsmouth10
71%
Ryan GiggsManchester United2
71%
Carlos TévezManchester United5
68%
Cesc FàbregasArsenal3
68%
Dimitar BerbatovManchester United9
68%
Emmanuel AdebayorArsenal10
68%
Jermain DefoePortsmouth7
68%
Jermain DefoeTottenham Hotspur3
68%
John TerryChelsea1
68%
Paul ScholesManchester United2
68%
Michael CarrickManchester United4
64%
Robbie KeaneLiverpool5
64%
Robbie KeaneTottenham Hotspur5
64%
RobinhoManchester City14
64%
Andy JohnsonFulham7
61%
Darren BentTottenham Hotspur12
61%
Florent MaloudaChelsea6
61%
Glen JohnsonPortsmouth3
61%
Kenwyne JonesSunderland10
61%
Samir NasriArsenal6
61%
Theo WalcottArsenal2
61%
Darren FletcherManchester United3
57%
Dirk KuytLiverpool12
57%
Gabriel AgbonlahorAston Villa11
57%
Gary CahillBolton Wanderers3
57%
Kolo TouréArsenal1
57%
Shaun Wright-PhillipsManchester City5
57%
Tim CahillEverton8
57%
William GallasArsenal2
57%
Xabi AlonsoLiverpool3
57%
Gareth BarryAston Villa5
54%
James MilnerAston Villa3
54%
Ji-sung ParkManchester United2
54%
Luka ModrićTottenham Hotspur3
54%
Michael EssienChelsea1
54%
Leighton BainesEverton1
50%
Michael OwenNewcastle United8
50%
Rafael da SilvaManchester United1
50%
Ricardo CarvalhoChelsea1
50%
Sami HyypiäLiverpool1
50%
Wes BrownManchester United1
50%
Andrey ArshavinArsenal6
46%
Ashley YoungAston Villa7
46%
Fraizer CampbellTottenham Hotspur1
46%
Joleon LescottEverton4
46%
Luke YoungAston Villa1
46%
Salomon KalouChelsea6
46%
Abou DiabyArsenal3
43%
Clint DempseyFulham7
43%
Daniel AggerLiverpool1
43%
Djibril CisséSunderland10
43%
Mark NobleWest Ham United3
43%
Michael BallackChelsea1
43%
Roque Santa CruzBlackburn Rovers4
43%
Aaron LennonTottenham Hotspur5
39%
Curtis DaviesAston Villa1
39%
Emile HeskeyAston Villa2
39%
Emile HeskeyWigan Athletic3
39%
Gaël ClichyArsenal1
39%
Kevin DaviesBolton Wanderers11
39%
Louis SahaEverton6
39%
Micah RichardsManchester City1
39%
NaniManchester United1
39%
Simon DaviesFulham2
39%
Vincent KompanyManchester City1
39%
Andy CarrollNewcastle United3
36%
Craig BellamyManchester City2
36%
Craig BellamyWest Ham United5
36%
Daniel SturridgeManchester City4
36%
José BosingwaChelsea2
36%
Mikel ArtetaEverton6
36%
Richard GarcíaHull City1
36%
Bobby ZamoraFulham2
32%
Ched EvansManchester City1
32%
Danny WelbeckManchester United1
32%
John CarewAston Villa11
32%
Leon OsmanEverton6
32%
Nwankwo KanuPortsmouth1
32%
Benni McCarthyBlackburn Rovers10
29%
Darron GibsonManchester United1
29%
David DunnBlackburn Rovers1
29%
ElanoManchester City6
29%
Federico MachedaManchester United2
29%
Jermaine JenasTottenham Hotspur4
29%
Kieran RichardsonSunderland4
29%
Ryan BabelLiverpool3
29%
Stiliyan PetrovAston Villa1
29%
Andy DawsonHull City1
25%
Charles N'ZogbiaNewcastle United1
25%
Charles N'ZogbiaWigan Athletic1
25%
Chris BruntWest Bromwich Albion9
25%
David BentleyTottenham Hotspur1
25%
DecoChelsea3
25%
DenílsonArsenal3
25%
Fábio AurélioLiverpool2
25%
Joey BartonNewcastle United1
25%
Ledley KingTottenham Hotspur1
25%
Marlon KingMiddlesbrough2
25%
Marlon KingHull City5
25%
Matthew TaylorBolton Wanderers10
25%
Michael DawsonTottenham Hotspur1
25%
Nicklas BendtnerArsenal9
25%
Richard DunneManchester City1
25%
Ryan ShawcrossStoke City3
25%
Ryan TaylorWigan Athletic2
25%
Scott ParkerWest Ham United1
25%
Sean DavisPortsmouth1
25%
Steven TaylorNewcastle United4
25%
Yakubu AiyegbeniEverton4
25%
Yossi BenayounLiverpool8
25%
AlexChelsea2
21%
Álvaro ArbeloaLiverpool1
21%
Andy ReidSunderland1
21%
Antonio ValenciaWigan Athletic3
21%
Damien DuffNewcastle United3
21%
Danny MurphyFulham5
21%
El-Hadji DioufBlackburn Rovers1
21%
Jimmy BullardFulham2
21%
Ricardo FullerStoke City11
21%
Stephen IrelandManchester City9
21%
Younès KaboulPortsmouth1
21%
Albert RieraLiverpool3
18%
Alex SongArsenal1
18%
Amr ZakiWigan Athletic10
18%
Brett EmertonBlackburn Rovers1
18%
Carlos VelaArsenal1
18%
Dean AshtonWest Ham United2
18%
Diomansy KamaraFulham4
18%
Emmanuel EbouéArsenal3
18%
James MorrisonWest Bromwich Albion3
18%
Johan ElmanderBolton Wanderers5
18%
Jonathan GreeningWest Bromwich Albion2
18%
Jonathan WoodgateTottenham Hotspur1
18%
Lucas LeivaLiverpool1
18%
Lucas NeillWest Ham United1
18%
Marouane FellainiEverton8
18%
Matthew EtheringtonWest Ham United2
18%
MidoWigan Athletic2
18%
MidoMiddlesbrough4
18%
Niko KranjčarPortsmouth3
18%
Obafemi MartinsNewcastle United8
18%
Pablo ZabaletaManchester City1
18%
Ricardo GardnerBolton Wanderers4
18%
Roman PavlyuchenkoTottenham Hotspur5
18%
Rory DelapStoke City2
18%
Ryan NelsenBlackburn Rovers1
18%
Shola AmeobiNewcastle United4
18%
Steven PienaarEverton3
18%
Tuncay ŞanlıMiddlesbrough7
18%
Zoltán GeraFulham2
18%
Benjani MwaruwariManchester City1
14%
Ben WatsonWigan Athletic2
14%
Brede HangelandFulham1
14%
Craig BeattieWest Bromwich Albion1
14%
David N'GogLiverpool2
14%
Emmerson BoyceWigan Athletic1
14%
Gary O'NeilMiddlesbrough4
14%
GeovanniHull City8
14%
Henri CamaraWigan Athletic2
14%
James BeattieStoke City7
14%
Jason RobertsBlackburn Rovers7
14%
Lee CattermoleWigan Athletic1
14%
Marc-Antoine FortunéWest Bromwich Albion4
14%
Mikaël SilvestreArsenal2
14%
Morten Gamst PedersenBlackburn Rovers1
14%
Steed MalbranqueSunderland1
14%
Steve SidwellAston Villa3
14%
Vedran ĆorlukaManchester City1
14%
Zat KnightAston Villa1
14%
Abdoulaye FayeStoke City3
11%
Andrea DossenaLiverpool1
11%
Armand TraoréPortsmouth1
11%
Christopher SambaBlackburn Rovers2
11%
Danny CollinsSunderland1
11%
David Di MicheleWest Ham United4
11%
Emanuel PogatetzMiddlesbrough1
11%
Glenn WhelanStoke City1
11%
Ishmael MillerWest Bromwich Albion3
11%
Jack CollisonWest Ham United3
11%
James TomkinsWest Ham United1
11%
Jamie O'HaraTottenham Hotspur1
11%
Jérémie AliadièreMiddlesbrough2
11%
John UtakaPortsmouth1
11%
Luke MooreWest Bromwich Albion1
11%
Martin LaursenAston Villa1
11%
Maynor FigueroaWigan Athletic1
11%
Michael TurnerHull City4
11%
Nigel Reo-CokerAston Villa1
11%
Radoslav KováčWest Ham United1
11%
Stephen WarnockBlackburn Rovers3
11%
Titus BrambleWigan Athletic1
11%
Tugay KerimoğluBlackburn Rovers1
11%
Victor AnichebeEverton1
11%
Afonso AlvesMiddlesbrough4
7%
Daniel CousinHull City4
7%
Danny GuthrieNewcastle United2
7%
David NugentPortsmouth3
7%
Dean WindassHull City1
7%
Gelson FernandesManchester City1
7%
Grant LeadbitterSunderland2
7%
Hayden MullinsWest Ham United1
7%
Hermann HreiðarssonPortsmouth2
7%
Hugo RodallegaWigan Athletic3
7%
Jay SimpsonWest Bromwich Albion1
7%
Joey O'BrienBolton Wanderers1
7%
Jonas OlssonWest Bromwich Albion2
7%
Joseph YoboEverton1
7%
Juliano BellettiChelsea3
7%
Nedum OnuohaManchester City1
7%
Paul KoncheskyFulham1
7%
Roman BednářWest Bromwich Albion6
7%
Valeri BojinovManchester City1
7%
Valon BehramiWest Ham United1
7%
André OoijerBlackburn Rovers2
4%
Bernard MendyHull City2
4%
Caleb FolanHull City1
4%
Craig FaganHull City3
4%
Dan GoslingEverton2
4%
Danny HigginbothamStoke City1
4%
David EdgarNewcastle United1
4%
David HealySunderland1
4%
David WheaterMiddlesbrough1
4%
Diego TristánWest Ham United3
4%
Erik NevlandFulham4
4%
Felipe CaicedoManchester City4
4%
Ian AshbeeHull City1
4%
Javier GarridoManchester City1
4%
Junior StanislasWest Ham United2
4%
Kamil ZayatteHull City1
4%
Keith AndrewsBlackburn Rovers4
4%
Liam LawrenceStoke City3
4%
Mamady SidibéStoke City3
4%
ManuchoHull City2
4%
Matt DerbyshireBlackburn Rovers2
4%
Michael ChopraSunderland2
4%
Nick BarmbyHull City1
4%
Paul McShaneHull City1
4%
Robert KorenWest Bromwich Albion2
4%
Tamir CohenBolton Wanderers1
4%
Calum DavenportWest Ham United1
0%
Chris BashamBolton Wanderers1
0%
Dickson EtuhuFulham1
0%
Grétar SteinssonBolton Wanderers3
0%
Juan Carlos MenseguezWest Bromwich Albion1
0%
Ki-hyeon SeolFulham1
0%
Matthew BatesMiddlesbrough1
0%
Nadir BelhadjPortsmouth2
0%
Olivier KapoWigan Athletic1
0%
Peter LøvenkrandsNewcastle United3
0%
Sébastien PuygrenierBolton Wanderers1
0%
Seyi OlofinjanaStoke City2
0%
XiscoNewcastle United1
0%

Score Distribution

Percentile by Number Answered

Percent of People with Each Score

Your Score History

You have not taken this quiz